LEADER 01048nam a2200241 i 4500 001 000000233651 003 CaOOAMICUS 005 20140924000000.0 008 140924s1823 it u000 u ita u 013 $a212554 040 $aSeMil$bita 100 1 $aCastaldi, Gaetano.$0(OLS)http://semarc/name/80114 245 10$aEssenze forestali e loro prodotti nelle industrie /$cDott. prof. Gaetano Castaldi ; prefazione del comm. dott. E. Mingioli. 260 $aMilano :$bUlrico Hoepli,$c1823. 300 $aXV, 421 p. ;$c16 cm. 490 0 $aManuali Hoepli ;$v. 650 4$aVegetazione - Alberi.$0(OLS)http://semarc/subject/16128 700 1 $aMingioli, Eustachio.$0(OLS)http://semarc/name/80115 830 0$aManuali Hoepli ;$v.$0(OLS)http://semarc/title/7639 850 $aSeMil 852 $aSeMil$W1$xVenegono$y1$m2ZA II 30 FA$j183997$B183997$CSeMilBibl$Z2$F194784 $8I 996 $6245$aEssenze forestali e loro prodotti nelle industrie$9(OLS)http://semarc/title/333456 996 $6260$aMilano :$bUlrico Hoepli$9(OLS)http://semarc/publisher/29765 LEADER 01073nam a2200229 i 4500 001 000000201895 003 CaOOAMICUS 005 20110511000000.0 008 110511s1942 it u000 u ita u 013 $a180601 040 $aSeMil$bita 245 12$aI logaritmi a quattro cifre decimali. La tecnica della rapidità /$cPresentazione ragioneristica di Eugenio Greco. 260 $aMilano :$bFratelli Bocca,$cstampa 1942. 300 $a214 p., [4] p. di tav. :$bill. ;$c25 cm. 490 0 $aCollezione scientifico-industriale. Serie 1 ;$v10 650 4$aLogaritmi.$0(OLS)http://semarc/subject/16434 700 1 $aGreco, Eugenio,$d<1878-1959>.$0(OLS)http://semarc/name/14329 830 0$aCollezione scientifico-industriale. Serie 1 ;$v10.$0(OLS)http://semarc/title/33541 850 $aSeMil 852 $aSeMil$W1$xVenegono$y1$m3W V 194$j152421$B152421$CSeMilBibl$Z2$F163536 $81 996 $6245$aI logaritmi a quattro cifre decimali. La tecnica della rapidità$9(OLS)http://semarc/title/292235 996 $6260$aMilano :$bFratelli Bocca$9(OLS)http://semarc/publisher/32243